<?xml version="1.0" encoding="UTF-8"?>
<collection xmlns="http://www.loc.gov/MARC21/slim">
    <record>
        <controlfield tag="001">40352</controlfield>
        <controlfield tag="005">20170831220354.0</controlfield>
        <datafield tag="037" ind1=" " ind2=" ">
            <subfield code="a">GDOC-2013-3146</subfield>
        </datafield>
        <datafield tag="041" ind1=" " ind2=" ">
            <subfield code="a">spa</subfield>
        </datafield>
        <datafield tag="100" ind1=" " ind2=" ">
            <subfield code="0">(orcid)0000-0002-7854-6316</subfield>
            <subfield code="a">Giménez Soro, Raquel</subfield>
        </datafield>
        <datafield tag="245" ind1="0" ind2="0">
            <subfield code="9">69130</subfield>
            <subfield code="a">Fundamental properties of nanostructured materials</subfield>
        </datafield>
        <datafield tag="260" ind1=" " ind2=" ">
            <subfield code="a">Zaragoza</subfield>
            <subfield code="b">Universidad de Zaragoza</subfield>
            <subfield code="c">2013-2014</subfield>
        </datafield>
        <datafield tag="520" ind1=" " ind2=" ">
            <subfield code="a">A brief introduction to the subject     On atomic- and molecular-scale - known as nanoscale - there is a convergence between Physics, Chemistry, Biochemistry, Science of Materials, Engineering and Bioengineering towards the same theoretical principles and experimental techniques. This first module covers the basic concepts of these disciplines so that students understand and take in the more advanced information to be studied in later modules.   A brief description of the contents of this subject includes:   Introduction to Nanoscience and Nanotechnology. Nanomaterials vs. macroscopic materials. Introduction to Supramolecular Chemistry. Structure and properties of nanoscopic organic molecules (nanotubes, fullerenes, dendrimers, block co-polymers, etc.) Surface Physical Chemistry. Colloids, surfactants, monolayers, micelles, vesicles, capsules. Nano-biomaterials. Bio-macromolecules. Optical, electric, magnetic and mechanical properties of nanomaterials. Nanotoxicology and eco-nanotoxicology.</subfield>
        </datafield>
        <datafield tag="521" ind1=" " ind2=" ">
            <subfield code="9">674</subfield>
            <subfield code="a">Máster Universitario en Erasmus Mundus en Ingeniería de Membranas</subfield>
        </datafield>
        <datafield tag="540" ind1=" " ind2=" ">
            <subfield code="a">by-nc-sa</subfield>
            <subfield code="b">Creative Commons</subfield>
            <subfield code="c">3.0</subfield>
            <subfield code="u">http://creativecommons.org/licenses/by-nc-sa/3.0/</subfield>
        </datafield>
        <datafield tag="700" ind1=" " ind2=" ">
            <subfield code="9">(orcid)0000-0002-3492-6456</subfield>
            <subfield code="a">Gascón Sabaté, Ignacio</subfield>
        </datafield>
        <datafield tag="700" ind1=" " ind2=" ">
            <subfield code="9">(orcid)0000-0002-4729-9578</subfield>
            <subfield code="a">Cea Mingueza, Pilar</subfield>
        </datafield>
        <datafield tag="700" ind1=" " ind2=" ">
            <subfield code="9">(orcid)0000-0001-9047-0046</subfield>
            <subfield code="a">Martínez Júlvez, Marta María</subfield>
        </datafield>
        <datafield tag="700" ind1=" " ind2=" ">
            <subfield code="9">(orcid)0000-0001-9897-6527</subfield>
            <subfield code="a">Pina Iritia, María Pilar</subfield>
        </datafield>
        <datafield tag="700" ind1=" " ind2=" ">
            <subfield code="9">(orcid)0000-0002-0922-5615</subfield>
            <subfield code="a">Oriol Langa, Luis Teodoro</subfield>
        </datafield>
        <datafield tag="700" ind1=" " ind2=" ">
            <subfield code="9">(orcid)0000-0003-4416-1036</subfield>
            <subfield code="a">Ros Latienda, María Blanca</subfield>
        </datafield>
        <datafield tag="700" ind1=" " ind2=" ">
            <subfield code="9"></subfield>
            <subfield code="a">Monzón Bescós, Antonio</subfield>
        </datafield>
        <datafield tag="700" ind1=" " ind2=" ">
            <subfield code="9">(orcid)0000-0003-4087-4733</subfield>
            <subfield code="a">Gómez-Moreno Calera, Carlos</subfield>
        </datafield>
        <datafield tag="700" ind1=" " ind2=" ">
            <subfield code="9">(orcid)0000-0003-0681-8260</subfield>
            <subfield code="a">Ibarra García, Manuel Ricardo</subfield>
        </datafield>
        <datafield tag="700" ind1=" " ind2=" ">
            <subfield code="9">(orcid)0000-0002-4546-4111</subfield>
            <subfield code="a">Hueso Martos, José Luis</subfield>
        </datafield>
        <datafield tag="700" ind1=" " ind2=" ">
            <subfield code="9">(orcid)0000-0003-1558-9279</subfield>
            <subfield code="a">Goya Rossetti, Gerardo Fabián</subfield>
        </datafield>
        <datafield tag="700" ind1=" " ind2=" ">
            <subfield code="9">(orcid)0000-0001-6170-4237</subfield>
            <subfield code="a">Grazú Bonavia, María Valeria</subfield>
        </datafield>
        <datafield tag="700" ind1=" " ind2=" ">
            <subfield code="9"></subfield>
            <subfield code="a">Lucas del Pozo, Irene</subfield>
        </datafield>
        <datafield tag="830" ind1=" " ind2=" ">
            <subfield code="9">472</subfield>
        </datafield>
        <datafield tag="856" ind1="4" ind2=" ">
            <subfield code="s">101704</subfield>
            <subfield code="u">http://zaguan.unizar.es/record/40352/files/guia.pdf</subfield>
            <subfield code="y">Guía (idioma español)</subfield>
        </datafield>
        <datafield tag="980" ind1=" " ind2=" ">
            <subfield code="a">GDOC</subfield>
            <subfield code="b">Ciencias</subfield>
            <subfield code="c">100</subfield>
        </datafield>
    </record>

    
</collection>